| 000 | 00568nam a2200181Ia 4500 | ||
|---|---|---|---|
| 008 | 090630s9999 xx 000 0 und d | ||
| 082 | _b1423 | ||
| 100 | _aखरे सुरेश. | ||
| 245 |
_aएका घरात होती. _cखरे सुरेश. |
||
| 260 |
_bजोशी के. वा. _c1972 |
||
| 300 | _a93 | ||
| 600 | _aखरे सुरेश. | ||
| 630 | _aएका घरात होती. | ||
| 655 | _aनाटक. | ||
| 700 | _aखरे सुरेश. | ||
| 730 | _aएका घरात होती. | ||
| 942 | _cBOOK | ||
| 999 |
_c253279 _d253279 |
||